000 00704nam a2200217Ia 4500
003 GCL
005 20240530105927.0
008 140319s9999 xx 000 0 ara d
040 _aGCL /
_cGCL
082 0 4 _a810.9964
_bس ا
100 1 _aسيد حامد النساج
245 1 0 _aالادب العربى المعاصر فى المغرب الاقصى /
_cسيد حامد النساج
260 _a[S.N] :
_bدار سعاد الصباح ،
_c1992
300 _a605
490 _aدراسات نقدية
_v0
650 0 4 _aالادب العربى
650 0 4 _aالعصر الحديث
650 0 4 _aالادب العربى - المغرب
650 0 4 _aالعصر الحجرى
942 _2ddc
_cBK
999 _c57628
_d57628